000 00476nam a2200157Ia 4500
008 220214s9999 xx 000 0 und d
022 _a0269-7475
245 0 _aAGRICULTURAL ADMINISTRATION AND EXTENSION
247 _aAgricultural Administration
260 _bElsevier Applied Science Publishers, Essex, England
_aUK
310 _aQ
500 _aEnding Volume & Year: 30, 1988
500 _aMissing Volume: 27
500 _aStarting Volume & Year: 24, 1987
942 _cBJ
999 _c13295
_d13295